Books to Authors #7 - Statistics

General Stats
  • This quiz has been taken 186 times
  • The average score is 6 of 14
Answer Stats
Book Author % Correct
Sense and Sensibility Jane Austen
97%
Misery Stephen King
85%
In Cold Blood Truman Capote
66%
The Second Sex Simone de Beauvoir
43%
Orlando Virginia Woolf
42%
Death in Venice Thomas Mann
35%
Pippi Longstocking Astrid Lindgren
30%
The Poisonwood Bible Barbara Kingsolver
29%
Breakfast of Champions Kurt Vonnegut
29%
Master and Margarita Mikhail Bulgakov
29%
A Wizard of Earthsea Ursula K.Le Guinn
26%
The Glass Bead Game Herman Hesse
19%
The Nose Nikolai Gogol
16%
Nights at the Circus Angela Carter
7%
No matching quizzes found
Score Distribution
Percent of People with Each Score
Percentile by Number Answered
Your Score History
You have not taken this quiz